Т. 1 : Оптимизация выбора источников реактивной мощности в электроэнергетических системах; Энергетические системы и их автоматизация

Bibliografiske detaljer
Parent link:Энергетические системы и их автоматизация/ Академия наук СССР (АН СССР), Всесоюзный институт научной и технической информации (ВИНИТИ). Т. 1 : Оптимизация выбора источников реактивной мощности в электроэнергетических системах.— , 1976-1990.— 0233-6758
Hovedforfatter: Арион В. Д.
Andre forfattere: Журавлев В. Г., Ставровский А. Н.
Sprog:russisk
Udgivet: 1984
Fag:
Format: MixedMaterials Bog
KOHA link:https://koha.lib.tpu.ru/cgi-bin/koha/opac-detail.pl?biblionumber=281874

MARC

LEADER 00000nam2a2200000 4500
001 281874
005 20231101235438.0
035 |a (RuTPU)RU\TPU\book\305725 
035 |a RU\TPU\book\284722 
090 |a 281874 
100 |a 20150127d1984 k y0rusy50 ca 
101 0 |a rus 
102 |a RU 
105 |a a z 001zy 
200 0 |a Т. 1 : Оптимизация выбора источников реактивной мощности в электроэнергетических системах  |f В. Д. Арион, В. Г. Журавлев, А. Н. Ставровский 
210 |d 1984 
215 |a 64 с.  |c ил. 
320 |a Библиогр.: с. 59-63 
461 1 |0 (RuTPU)RU\TPU\book\44280  |x 0233-6758  |t Энергетические системы и их автоматизация  |f Академия наук СССР (АН СССР), Всесоюзный институт научной и технической информации (ВИНИТИ)  |v Т. 1 : Оптимизация выбора источников реактивной мощности в электроэнергетических системах  |d 1976-1990  |s Энергетические системы и их автоматизация 
606 1 |a Энергетические системы  |x Автоматизация  |2 stltpush  |3 (RuTPU)RU\TPU\subj\21252  |9 46271 
610 1 |a электрические системы 
610 1 |a реактивная мощность 
610 1 |a компенсация 
610 1 |a потери 
610 1 |a сравнительный анализ 
610 1 |a распределительные сети 
610 1 |a оптимизация 
675 |a 622.311-5  |v 3 
700 1 |a Арион  |b В. Д. 
701 1 |a Журавлев  |b В. Г. 
701 1 |a Ставровский  |b А. Н. 
801 1 |a RU  |b 63413507  |c 20140527 
801 2 |a RU  |b 63413507  |c 20170623  |g RCR 
942 |c BK